Khảo sát đặc tính sinh học của một số dòng vi khuẩn có tiềm năng phân hủy Chlorpyrifos ethyl : Luận văn thạc sĩ khoa học. Chuyên ngành Sinh thái học

Định danh một số dòng vi khuẩn phân lập có khả năng phân hủy Chlorpyrifos ethyl; Khảo sát một số yếu tố sinh thái môi trường ảnh hưởng đến sinh trưởng của một số dòng vi khuẩn có tiềm năng phân hủy Chlorpyrifos ethyl; Đánh giá khả năng phân...

সম্পূর্ণ বিবরণ

সংরক্ষণ করুন:
গ্রন্থ-পঞ্জীর বিবরন
প্রধান লেখক: Trần, Thị Tú
বিন্যাস: গ্রন্থ
ভাষা:Undetermined
প্রকাশিত: Cần Thơ Trường Đại học Cần Thơ 2015
বিষয়গুলি:
ট্যাগগুলো: ট্যাগ যুক্ত করুন
কোনো ট্যাগ নেই, প্রথমজন হিসাবে ট্যাগ করুন!
Thư viện lưu trữ: Trung tâm Học liệu Trường Đại học Cần Thơ
LEADER 01338nam a2200229Ia 4500
001 CTU_201601
008 210402s9999 xx 000 0 und d
082 |a 660.62 
082 |b T500 
088 |a 60420120 
100 |a Trần, Thị Tú 
245 0 |a Khảo sát đặc tính sinh học của một số dòng vi khuẩn có tiềm năng phân hủy Chlorpyrifos ethyl : 
245 0 |b Luận văn thạc sĩ khoa học. Chuyên ngành Sinh thái học 
245 0 |c Trần Thị Tú ; Dương Minh Viễn (Cán bộ hướng dẫn) 
260 |a Cần Thơ 
260 |b Trường Đại học Cần Thơ 
260 |c 2015 
520 |a Định danh một số dòng vi khuẩn phân lập có khả năng phân hủy Chlorpyrifos ethyl; Khảo sát một số yếu tố sinh thái môi trường ảnh hưởng đến sinh trưởng của một số dòng vi khuẩn có tiềm năng phân hủy Chlorpyrifos ethyl; Đánh giá khả năng phân hủy Chlorpyrifos ethyl của vi khuẩn 
650 |a Công nghệ sinh học vi sinh vật,Biotechnological microorganisms,Biotechonology,Công nghệ sinh học 
904 |i Nguyên 
910 |a Khoa 
980 |a Trung tâm Học liệu Trường Đại học Cần Thơ